00581nam a2200157 a 450000100100000000500170001000800410002704000250006811000600009324500780015326000340023130000270026504900090029295201050030199900170040600003186820250401130908.0110707s1997 dr a 000 0 spa d aDO-SdBNPbspacBNPHU2 aPrograma de las Naciones Unidas para el Desarrollo918714aLos informes sobre desarrollo humano :bun resumen informativo 1990-1997. aSanto Domingo :bPNUD,c1997. a52 p. :bil. ;c28 cm. aBNPD 0010718PDaPDbPDcCTd2011-07-07iLF1l0o p31868-10r2020-06-25w2020-06-25yLFPDZNo se presta c31360d31360